Prediction of vapor-liquid equilibria by the Asog method
محفوظ في:
| المؤلفون الرئيسيون: | , |
|---|---|
| التنسيق: | كتاب |
| اللغة: | الإنجليزية |
| منشور في: |
Amsterdam
Elsevier
1979
|
| سلاسل: | Physical Sciences Data, 3
|
| الموضوعات: | |
| الوسوم: |
إضافة وسم
لا توجد وسوم, كن أول من يضع وسما على هذه التسجيلة!
|
MARC
| LEADER | 00000nam a2200000 a 4500 | ||
|---|---|---|---|
| 001 | UCU3780 | ||
| 003 | CL-VaPUC | ||
| 008 | 960510e19790000NE |||||||||||||||||eng|d | ||
| 082 | 0 | 4 | |a 541.363 |b KOJ |2 21 |
| 100 | |a Kojima, Kazuo |e author |9 360904 | ||
| 700 | 0 | |a Tochigi, K |e author |9 360905 | |
| 245 | 1 | 0 | |a Prediction of vapor-liquid equilibria by the Asog method |
| 300 | |a 251 p | ||
| 942 | |c BK | ||
| 945 | |d 19960510 00:00:00 |a paguirre | ||
| 260 | |a Amsterdam |b Elsevier |c 1979 | ||
| 650 | 7 | |a EQUILIBRIOS QUIMICOS |2 CL-VaPUC |9 336637 | |
| 650 | 0 | |a Estados de la Materia |9 347141 | |
| 650 | 0 | |a Líquidos |9 260946 | |
| 650 | 7 | |a TRANSFORMACIONES DE FASE |2 CL-VaPUC |9 360906 | |
| 583 | |a last modification |c 19960510 00:00:00 |k Rodrigo Vera | ||
| 490 | 0 | |a Physical Sciences Data, 3 | |
| 999 | |c 247670 |d 247668 | ||